[Event "Ouest Toulousain op-B 3rd"]
[Site "Tournefeuille"]
[Date "2008.02.28"]
[Round "5"]
[White "Oulmi, Taiche"]
[Black "Dahbi, Ahmed"]
[Result "0-1"]
[WhiteElo "1499"]
[BlackElo "1500"]
[PlyCount "78"]
[EventDate "2008.02.25"]
[EventType "swiss"]
[EventRounds "9"]
[EventCountry "FRA"]
[SourceTitle "CBM 123 Extra"]
[Source "ChessBase"]
[SourceDate "2008.05.06"]
[SourceVersion "1"]
[SourceVersionDate "2008.05.06"]
[SourceQuality "1"]

1. e4 c5 2. Nc3 d6 3. f4 Nc6 4. Nf3 Bg4 5. Be2 Nf6 6. 0-0 e6 7. e5 Nd5 8. Nxd5 exd5 9. Qe1 Be7 10. Bb5 0-0 11. Bxc6 bxc6 12. d4 Bxf3 13. Rxf3 cxd4 14. b3 c5 15. Bb2 Re8 16. Qg3 dxe5 17. fxe5 Qc7 18. Raf1 f5 19. exf6 Qxg3 20. f7+ Kh8 21. fxe8Q+ Rxe8 22. Rxg3 Bf6 23. c3 Re2 24. Ba3 dxc3 25. Bxc5 a5 26. Re3 Rxe3 27. Bxe3 Kg8 28. Rd1 c2 29. Rxd5 Bb2 30. Rc5 c1Q+ 31. Bxc1 Bd4+ 32. Be3 Bxe3+ 33. Kf1 Bxc5 34. Ke2 Bb4 35. Kd3 Kf7 36. Kc2 Kf6 37. Kb2 Ke5 38. a3 Bc5 39. Kc3 Bxa3 0-1

[Event "Mont de Marsan op"]
[Site "Mont de Marsan"]
[Date "2005.12.28"]
[Round "6"]
[White "Labarrere, Daniel"]
[Black "Dahbi, Ahmed"]
[Result "1-0"]
[WhiteElo "1943"]
[BlackElo "1590"]
[PlyCount "39"]
[EventDate "2005.12.26"]
[EventType "swiss"]
[EventRounds "7"]
[EventCountry "FRA"]
[SourceTitle "CBM 110 Extra"]
[Source "ChessBase"]
[SourceDate "2006.03.10"]
[SourceVersion "2"]
[SourceVersionDate "2006.03.10"]
[SourceQuality "1"]

1. e4 c5 2. Nf3 d6 3. d4 cxd4 4. Nxd4 Nc6 5. c4 Nf6 6. Nc3 e6 7. Be2 Be7 8. 0-0 0-0 9. Be3 Bd7 10. Ndb5 Be8 11. f4 a6 12. Na3 Rc8 13. Qe1 Qc7 14. g4 Qb8 15. g5 Nd7 16. Bg4 Nd8 17. Qh4 f6 18. Qh3 f5 19. exf5 exf5 20. Bxf5 1-0